Chansons de Ninho - Album M.I.L.S 4 - Statistiques

Statistiques générales
  • Ce quiz a été pris 61 fois
  • Le résultat moyen est 12 sur 16
Statistiques - réponses
Ordre dans l'album Chansons % Correct
10 DICTIONNAIRES
85%
12 LES DIAMANTS DE BOKASSA
85%
08 LETTRE À UN FILS
85%
02 +971
81%
14 R9
77%
11 N.W.A
75%
13 PILIER
75%
09 NWAR
73%
03 WALLET
73%
01 INTRO - LA PRESSION
71%
04 KING VON
71%
07 AU 33ÈME
67%
05 RÉSINE
63%
16 DES PIGES
60%
15 LES MAINS DEDANS
60%
06 J'AI PAS CHANGÉ
58%
Aucun quiz correspondant
Distribution des résultats
% des personnes avec chaque résultat
Percentile par nombre de réponses
Votre historique - résultats
Vous n’avez pas pris ce quiz